UBT Library

Anatomy physiology laboratory textbook / (Record no. 44801)

000 -LEADER
fixed length control field 00683nam a2200229 a 4500
001 - CONTROL NUMBER
control field 3508508
005 - DATE AND TIME OF LATEST TRANSACTION
control field 20180312104540.0
008 - FIXED-LENGTH DATA ELEMENTS--GENERAL INFORMATION
fixed length control field 950726s1996 iaua b 001 0 eng
010 ## - LIBRARY OF CONGRESS CONTROL NUMBER
LC control number 95060466
020 ## - INTERNATIONAL STANDARD BOOK NUMBER
International Standard Book Number 0697219321
040 ## - CATALOGING SOURCE
Original cataloging agency DLC
Transcribing agency DLC
041 ## - LANGUAGE CODE
Language code of text/sound track or separate title eng
080 ## - UNIVERSAL DECIMAL CLASSIFICATION NUMBER
Universal Decimal Classification number 6120078 JAM
082 00 - DEWEY DECIMAL CLASSIFICATION NUMBER
Classification number 612/.0078
Edition number 20
100 ## - Rafti
Rafti 6
101 ## - Shkurtesa
Shkurtesa ANA
245 00 - TITLE STATEMENT
Title Anatomy physiology laboratory textbook /
Statement of responsibility, etc Harold J. Benson ... [et al.].
504 ## - BIBLIOGRAPHY, ETC. NOTE
Bibliography, etc Includes bibliographical references (p. 541-542) and index.
906 ## - LOCAL DATA ELEMENT F, LDF (RLIN)
a 7
b cbc
c orignew
d 2
e opcn
f 19
g y-gencatlg
942 ## - ADDED ENTRY ELEMENTS (KOHA)
Source of classification or shelving scheme
Item type Books
Holdings
Withdrawn status Lost status Source of classification or shelving scheme Damaged status Not for loan Collection code Permanent location Current location Shelving location Date acquired Total Checkouts Full call number Barcode Date last seen Price effective from Koha item type
          Koleksioni i përgjithshem UBT - Lipjan UBT - Lipjan Koleksioni i përgjithshem 03/12/2018   612/.0078 002-3001732 03/12/2018 03/12/2018 Books
UBT Library © 2015-2024. All rights reserved University Education for Business and Technology